Statistiques concernant Dinosaures de fiction en images

Cliquez ici pour prendre le quiz!

Statistiques générales

  • Ce quiz a été pris 129 fois
  • Le résultat moyen est 6 sur 20

Statistiques - réponses

Réponse% Correct
Yoshi
96%
Rex
74%
Denver
72%
Blue
64%
Petit-Pied
64%
Arlo
53%
Ptyranidur
33%
Rudy
25%
Raptor Jesus
20%
Dino
18%
Agumon
10%
Barney
7%
Grimlock
7%
Earl Sinclair
3%
Alex
1%
Dentelle
1%
Riptor
1%
Tricky
1%
Zarax
1%
Herb
0%

Distribution des résultats

Percentile par nombre de réponses

% des personnes avec chaque résultat

Votre développement - résultats

Vous n’avez pas pris ce quiz